01569nam a2200445 a 4500008004100000020001800041041000800059100002100067245006500088250002000153260003500173300001200208500013300220653001900353653002900372653002500401653004300426653003500469653001400504653003200518653004300550653003300593653002500626653003100651653003500682653001200717653003500729653003700764653005100801653001600852653004500868653002400913653003900937653002700976653003101003653002101034653001601055653002301071700002901094130614s2011 ag ||||| |||| 00| 0 spa d a9789871259113 aspa1 aCecchini, Emilio aInfectología y enfermedades infecciosas /cEmilio Cecchini a1a ed. 1a reimp aBuenos Aires:bJournal;c2011. a1157 p. aCecchini, E. y González Ayala, S. (Col.). (2011). Infectología y enfermedades infecciosas. (1a ed.). Buenos Aires : Journal. aInfectología aEnfermedades infecciosas aAparato respiratorio aInfecciones del sistema cardiovascular aInfecciones gastrointestinales aHepatitis aInfecciones genitourinarias aInfecciones sistema musculoesqueletico aInfecciones sistema nervioso aInfecciones oculares aEnfermedades exantematicas aInfecciones de cabeza y cuello aMicosis aMononucleosis y fiebre urliana aInfecciones Prenatal y perinatal aEnfermedades emergentes, endemica y regionales aParasitosis aVirus de inmunodeficiencia humana y SIDA aInfeccion y cirugia aInfecciones en inmunocomprometidos aInfeccion hospitalaria aDiagnostico microbiologico aInmunoprofilaxis aMiscelaneas aAntibioticoterapia1 aGonzález Ayala, Silvia